Bernardo Jacinto de Cologan (Registro nro. 301464)

Detalles MARC
000 -ENCABEZADO
Número de control [NR] 00967nam a2200241Ma 4500
005 - FECHA Y HORA DE LA ÚLTIMA TRANSACCIÓN
control field 20151002172257.0
008 - DE LONGITUD FIJA DE DATOS DE ELEMENTOS - INFORMACIÓN GENERAL
Elementos de longitud fija [NR] 151002s1996 ck frob 000 s spa d
035 ## - NUMERO DE CONTROL DEL SISTEMA [R]
Número de control del sistema [NR] (OCoLC)922189813
040 ## - FUENTE DE CATALOGACION [NR]
Agencia de catalogación original [NR] CO-BoUCM
Idioma de catalogación [NR] spa
Quien Cataloga Sandra Palacio
Quien Clasifica Sandra Palacio
041 0# - CODIGO DE IDIOMA [R]
Código de idioma para texto/pista de sonido o título separado [R] Español
100 1# - ASIENTO PRINCIPAL--NOMBRE PERSONAL [NR]
Nombre personal [NR] Triana y Antoverza, Humberto
ID Autoridad 71988
245 10 - MENCION DE TITULO [NR]
Título [NR] Bernardo Jacinto de Cologan
Parte restante del título [NR] Encargado de negocios y Primer Ministro residente de España en nuestro país
Mención de responsabilidad, etc. [NR] Humberto Triana y Antoverza
260 ## - PUBLICACION, DISTRIBUCION, ETC. (PIE DE IMPRENTA) [R]
Lugar de publicación, distribución, etc. [R] Bogotá (Colombia)
Nombre del editor, distribuidor, etc. [R] Academia Colombiana de Historia
Fecha de publicación, distribución, etc. [R] 1996
300 ## - DESCRIPCION FISICA [R]
Extensión [R] 139 páginas
490 1# - MENCION DE SERIE [R]
Mención de serie [R] Academia Colombiana de Historia
Designación numérica/secuencial del volumen [NR] 41
600 14 - ASIENTO SECUNDARIO DE MATERIA - NOMBRE PERSONAL [R]
Nombre personal [NR] de Cologan, Bernardo Jacinto
Fechas asociadas con el nombre [NR] 1847-1921
9 (RLIN) 71989
650 #7 - ASIENTO SECUNDARIO DE MATERIA - TERMINO TEMATICO [R]
Término temático o nombre geográfico como elemento de entrada [NR] Biografías
Subdivisión cronológica [R] siglo XIX
9 (RLIN) 7343
650 ## - ASIENTO SECUNDARIO DE MATERIA - TERMINO TEMATICO [R]
Término temático o nombre geográfico como elemento de entrada [NR] Diplomáticos
Subdivisión cronológica [R] siglo XIX
9 (RLIN) 13312
Subdivisión general [R] Españoles
Subdivisión geográfica [R] Colombia
650 #7 - ASIENTO SECUNDARIO DE MATERIA - TERMINO TEMATICO [R]
Término temático o nombre geográfico como elemento de entrada [NR] Historia
9 (RLIN) 7695
690 ## - ASUNTO AGREGADO LOCAL DE ENTRADA - TÉRMINO TEMÁTICO (OCLC, RLIN)
9 (RLIN) 42845
Acceso temático local Historia de Colombia
942 ## - ELEMENTOS DE ENTRADA AGREGADOS (KOHA)
Sistema de clasificación DEWEY
Tema principal Historia
Tipo de ítem principal el descrito en 300a Libro
Edición 1
Clasificación 923.246
Parte restante de la signatura top. C718h
Existencias
Total préstamos Signatura topográfica Código de barras Última vez visto Ejemplar Costo de reposición Price effective from Tipo de ítem Perdido Sistema de clasificación Dañado No prestable Tipo de ítem específico Suprimido Ubicación habitual Ubicación actual Localización Fecha de creación Proveedor Forma de adquisición Costo
  923.246 C718h 100147626 09/12/2025 Ej.1 26000.00 17/09/2015 Libro   DEWEY     Libro   Claustro Claustro 2do piso 17/09/2015 12 Donación 0.00